Procedimiento administrativo municipal / Jesús González Pérez
ISBN:
84-7052-047-4
Descripción Física:
1002 p. ; 21 cm
MARC
| LEADER | 00000nam a2200000Ia 4500 | ||
|---|---|---|---|
| 001 | 14190 | ||
| 008 | 160829s1978 xx 000 0 cat d | ||
| 020 | |a 84-7052-047-4 | ||
| 080 | |a M-4-163 | ||
| 100 | |a González Pérez, Jesús |9 24886 | ||
| 245 | |a Procedimiento administrativo municipal / Jesús González Pérez | ||
| 260 | |a Madrid : |b Abella : |b El Consultor de los Ayuntamientos y de los Juzgados, |c 1978 | ||
| 300 | |a 1002 p. ; |c 21 cm | ||
| 590 | |a Índex. | ||
| 590 | |a Notes, referències bibliogràfiques | ||
| 650 | 0 | |a Procediment administratiu |9 24888 | |
| 650 | |a Actes administratius |9 24889 | ||
| 710 | 2 | |a Consultor de los Ayuntamiento y de los Juzgados |e entitat editora |9 55140 | |
| 901 | |a Arxiu | ||
| 942 | |n 1 |2 udc | ||
| 952 | |0 0 |1 0 |4 0 |6 M4163 |7 1 |9 43361 |a Arxiu |b Arxiu |d 2016-12-01 |l 0 |o M-4-163 |p 14190 |r 2016-12-01 00:00:00 |w 2016-12-01 |y ARXIU | ||
| 999 | |c 45906 |d 45906 | ||